000 01039cad a22002535a 4500
001 E150949
008 100916s2009 xxk f 100 0 eng d
020 _a9781842195192
035 _a(Sirsi) u150949
041 0 _aeng
100 1 _aGuan, Michael Rui
111 2 _aConstruction and Building Research Conference
_cUniversity of Cape Town
_d10-11 September 2009
245 0 0 _aCommon area design in high-rise residential buildings and its building control in Asia megacities
_ba study of Singapore, Hong Kong and Beijing
_h[electronic resource]
260 _aLondon
_bRICS
_c2009
520 _aA paper presented at the COBRA Conference in Cape Town on 10-11 September 2009.
590 _aKA
650 2 4 _aCONSTRUCTION AND BUILDING RESEARCH CONFERENCE (COBRA)
651 4 _aSingapore
651 4 _aHong Kong
651 4 _aBeijing
690 _aPROPERTY-RESIDENTIAL PROPERTY
856 4 0 _uhttps://www.rics.org/site/scripts/download_info.aspx?fileID=4986&categoryID=524
_zView the item free of charge at www.rics.org
942 _n0
999 _c111051
_d111051